000 00488cam a2200193ua 4500
001 7833
008 141229n ii |||gr||||Z||||||ben
040 _cMAIN
041 _aben
082 _a891.44
100 _aSen, S.,
_eAuthor.
245 _aBangala sahityer itihas :
_bVol II /
_cBy Sukumar Sen .
250 _a1st.
260 _aKolkatta:
_bEastern,
_c1978.
300 _a584p.
653 _aEast Indo-European & Celtic literatures
653 _aBengali literature
942 _cBK
999 _c6953
_d6953